003590000a2200121000450024500630000065000260006365000120008965000140010165100260011504100140014111000530015577300290020810aRelictos de bosques del valle geográfico del río Cauca14aComunidades naturales14aBosques14aHumedales 4lRío CaucapColombia0 aEspañol1 aCentro de Datos para la conservación de la CVC1 tPreprint33q1-30d1994?